[Event "Stay Safe Play From Home 379"]
[Site "Emanuel Lasker Arena"]
[Date "2020.08.13"]
[Round "2"]
[White "Yuriko"]
[Black "Haris kollari 13"]
[Result "1-0"]
[WhiteElo "2060"]
[BlackElo "1687"]
[Annotator "NA"]
[PlyCount "83"]
[EventDate "2020.08.13"]
[EventType "swiss (blitz)"]

1. d4 {[%emt 0:00:02]} e6 {[%emt 0:00:00]} 2. c4 {[%emt 0:00:00]} d5 {[%emt 0:00:00]} 3. Nc3 {[%emt 0:00:00]} c6 {[%emt 0:00:00]} 4. Nf3 {[%emt 0:00:00]} f6 {[%emt 0:00:01]} 5. e3 {[%emt 0:00:00]} Bd6 {[%emt 0:00:01]} 6. cxd5 {[%emt 0:00:00]} cxd5 {[%emt 0:00:01]} 7. Bb5+ {[%emt 0:00:01]} Nc6 {[%emt 0:00:01]} 8. Bd3 {[%emt 0:00:00]} Bd7 {[%emt 0:00:01]} 9. O-O {[%emt 0:00:01]} Nge7 {[%emt 0:00:01]} 10. a3 {[%emt 0:00:01]} Ng6 {[%emt 0:00:01]} 11. b4 {[%emt 0:00:00]} a6 {[%emt 0:00:01]} 12. b5 {[%emt 0:00:01]} Nce7 {[%emt 0:00:02]} 13. Qe2 {[%emt 0:00:02]} O-O {[%emt 0:00:03]} 14. bxa6 {[%emt 0:00:01]} bxa6 {[%emt 0:00:01]} 15. Bxa6 {[%emt 0:00:00]} Qb6 {[%emt 0:00:04]} 16. Bd3 {[%emt 0:00:02]} Rfc8 {[%emt 0:00:01]} 17. Bd2 {[%emt 0:00:00]} Qb3 {[%emt 0:00:02]} 18. Rfb1 {[%emt 0:00:03]} Rxc3 {[%emt 0:00:05]} 19. Rb2 {[%emt 0:00:01]} Qxb2 {[%emt 0:00:03]} 20. Bxc3 {[%emt 0:00:00]} Qxc3 {[%emt 0:00:01]} 21. e4 {[%emt 0:00:04]} dxe4 {[%emt 0:00:02]} 22. Bxe4 {[%emt 0:00:04]} Rxa3 {[%emt 0:00:00]} 23. Rf1 {[%emt 0:00:02]} f5 {[%emt 0:00:03]} 24. Bb1 {[%emt 0:00:01]} Nd5 {[%emt 0:00:01]} 25. Ng5 {[%emt 0:00:01]} Ndf4 {[%emt 0:00:02]} 26. Qe1 {[%emt 0:00:01]} Qxe1 {[%emt 0:00:02]} 27. Rxe1 {[%emt 0:00:01]} Ra1 {[%emt 0:00:00]} 28. g3 {[%emt 0:00:03]} Ne2+ {[%emt 0:00:02]} 29. Rxe2 {[%emt 0:00:01]} Rxb1+ {[%emt 0:00:01]} 30. Kg2 {[%emt 0:00:00]} Bc6+ {[%emt 0:00:01]} 31. f3 {[%emt 0:00:01]} Bd5 {[%emt 0:00:01]} 32. Nxe6 {[%emt 0:00:01]} Bxe6 {[%emt 0:00:04]} 33. Rxe6 {[%emt 0:00:00]} Bb4 {[%emt 0:00:01]} 34. Rb6 {[%emt 0:00:02]} Rb2+ {[%emt 0:00:03]} 35. Kf1 {[%emt 0:00:01]} Bc3 {[%emt 0:00:00]} 36. Rd6 {[%emt 0:00:02]} Rd2 {[%emt 0:00:02]} 37. d5 {[%emt 0:00:00]} Ne7 {[%emt 0:00:01]} 38. Rd7 {[%emt 0:00:01]} Kf8 {[%emt 0:00:01]} 39. d6 {[%emt 0:00:01]} Nc6 {[%emt 0:00:01]} 40. Rc7 {[%emt 0:00:01]} Ne5 {[%emt 0:00:02]} 41. Rc8+ {[%emt 0:00:00]} Kf7 {[%emt 0:00:01]} 42. Rc7+ {[%emt 0:00:00] Time Time Time (Lag: Av=0.48s, max=0.8s) (Lag: Av=0.48s, max=0.8s) (Lag: Av=0.48s, max=0.8s)} 1-0

[Event "Stay Safe Play From Home 379"]
[Site "Emanuel Lasker Arena"]
[Date "2020.08.13"]
[Round "2"]
[White "TheCHESSHOUSE"]
[Black "AChessPlayer"]
[Result "0-1"]
[WhiteElo "1975"]
[BlackElo "2460"]
[Annotator "TA"]
[PlyCount "114"]
[EventDate "2020.08.13"]
[EventType "swiss (blitz)"]

{[%evp 15,114,31,67,0,16,-75,-1,-80,-76,-85,33,20,10,10,42,38,70,-80,-64,-225,-245,-259,-215,-283,-265,-262,-255,-310,-317,-310,-307,-337,-310,-331,-325,-310,-275,-444,-431,-568,-301,-625,-604,-594,-609,-1525,-1152,-1411,-554,-539,-535,-538,-538,-572,-525,-599,-575,-549,-495,-512,-469,-543,-543,-622,-508,-748,-729,-683,-372,-364,758,-550,-550,-548,-533,-533,-530,-29962,-29964,-29967,-29970,-29978,-29980,-29978,-29974,-29973,-29974,-29974,-29975,-29982,-29983,-29984,-29983,-29982,-29983,-29984,-29985,-29985,-29986,-29986,-29984]} 1. d4 Nf6 2. c4 c6 3. Nc3 g6 4. g3 Bg7 5. Bg2 O-O 6. Nf3 Qa5 7. O-O d6 8. e4 Bg4 9. Bd2 {E62: King's Indian: Fianchetto: 6...c6 and Panno Variation (6...Nc6) without ...a6.} (9. h3 $14 Bxf3 10. Bxf3 (10. Qxf3 Nbd7 $14)) 9... Qh5 {[#]} 10. h4 $146 (10. Qe2 $11) ({Predecessor:} 10. Qe2 Nbd7 11. Qe3 Bh3 12. Qg5 Bxg2 13. Kxg2 Qxg5 14. Bxg5 h6 15. Bxf6 Bxf6 16. Rad1 Rfd8 {½-½ (36) Barreto Bastidas,J (1718)-Velasquez Cristancho,J (1731) Caracas 2019}) 10... Nbd7 (10... Nfd7 $17 {next ...e5 is good for Black.} 11. Bg5 e5) 11. Re1 (11. Bg5 $1 $11 {keeps the balance.}) 11... e5 $17 12. d5 Nc5 ({Better is} 12... Ne8 $17 {White must now prevent ...f5.} 13. Na4 Rb8 14. dxc6 bxc6) 13. Qe2 cxd5 14. cxd5 Nfd7 {[#] And now ...f5 would win.} 15. b4 Na6 16. a3 (16. Nd1 $1 $14 {keeps the upper hand.}) 16... f5 {Threatens to win with ...fxe4.} 17. Qd3 $2 (17. Qb5 $15 Nb6 18. Nh2) 17... fxe4 $19 18. Nxe4 {Nfg5 is the strong threat.} Bxf3 19. Bh3 Bg4 20. Bg2 Bf5 21. Qb3 Bxe4 22. Rxe4 Qf5 23. Re2 Rac8 24. Rf1 Qc2 25. Qe3 Nc7 26. Qg5 $2 (26. Bh3 {might work better.} Qa4 27. Rc1) 26... Nf6 27. Bh3 Rcd8 28. Be6+ $2 (28. Rc1 Qd3 {[%mdl 64] Double Attack} 29. Qe3 Qxe3 30. fxe3 Ncxd5 31. e4) 28... Nxe6 29. dxe6 {With the idea e7.} Rde8 30. f4 Qd3 31. Ref2 Qe4 {Hoping for ...h6.} 32. fxe5 Qxe5 33. Qxe5 dxe5 34. Bg5 Rxe6 35. Kg2 h6 36. Be3 Nd7 37. Bxa7 e4 38. Rd2 Nf6 39. Rc2 Ng4 40. Re1 e3 41. Bc5 Rf2+ 42. Rxf2 exf2 $4 {[%mdl 8192]} (42... Nxf2 $19 43. Rxe3 Ne4) 43. Bxf2 $4 {[%mdl 8192]} (43. Rxe6 $18 b5 44. Rb6) 43... Rxe1 44. Bxe1 Ne3+ 45. Kf2 Nc2 46. Kg2 Nxe1+ {Black mates.} 47. Kf1 Nc2 48. Ke2 Nxa3 49. Kd3 Nb5 50. Kc4 Nc7 51. Kc5 Be5 52. Kb6 Bxg3 53. Kxb7 Nd5 54. b5 Nc3 55. b6 Na4 56. Kc6 {[#]} Nxb6 $1 57. Kxb6 Bxh4 {Accuracy: White = 20%, Black = 56%.} 0-1

[Event "Stay Safe Play From Home 379"]
[Site "Emanuel Lasker Arena"]
[Date "2020.08.13"]
[Round "2"]
[White "Sfantul321"]
[Black "NTBT_DHS"]
[Result "1-0"]
[WhiteElo "1942"]
[BlackElo "2588"]
[Annotator "NA"]
[PlyCount "83"]
[EventDate "2020.08.13"]
[EventType "swiss (blitz)"]

1. c4 {[%emt 0:00:01]} Nf6 {[%emt 0:00:03]} 2. Nc3 {[%emt 0:00:00]} g6 {[%emt 0:00:00]} 3. g3 {[%emt 0:00:00]} Bg7 {[%emt 0:00:00]} 4. Bg2 {[%emt 0:00:00]} d6 {[%emt 0:00:00]} 5. e3 {[%emt 0:00:00]} O-O {[%emt 0:00:00]} 6. Nge2 {[%emt 0:00:00]} c6 {[%emt 0:00:00]} 7. O-O {[%emt 0:00:00]} Nbd7 {[%emt 0:00:00]} 8. h3 {[%emt 0:00:00]} a5 {[%emt 0:00:00]} 9. b3 {[%emt 0:00:01]} e5 {[%emt 0:00:01]} 10. Rb1 {[%emt 0:00:01]} Nc5 {[%emt 0:00:01]} 11. d3 {[%emt 0:00:01]} Bf5 {[%emt 0:00:01]} 12. e4 {[%emt 0:00:01]} Bd7 {[%emt 0:00:00]} 13. Kh2 {[%emt 0:00:00]} Ne6 {[%emt 0:00:01]} 14. f4 {[%emt 0:00:01]} Nd4 {[%emt 0:00:02]} 15. Nxd4 {[%emt 0:00:01]} exd4 {[%emt 0:00:00]} 16. Ne2 {[%emt 0:00:00]} Ne8 {[%emt 0:00:01]} 17. Bb2 {[%emt 0:00:01]} c5 {[%emt 0:00:01]} 18. Qd2 {[%emt 0:00:01]} Bc6 {[%emt 0:00:01]} 19. a4 {[%emt 0:00:01]} Nc7 {[%emt 0:00:01]} 20. f5 {[%emt 0:00:02]} Be5 {[%emt 0:00:01]} 21. fxg6 {[%emt 0:00:02]} fxg6 {[%emt 0:00:01]} 22. Rxf8+ {[%emt 0:00:01]} Qxf8 {[%emt 0:00:00]} 23. Rf1 {[%emt 0:00:01]} Qe7 {[%emt 0:00:01]} 24. Nf4 {[%emt 0:00:01]} Rf8 {[%emt 0:00:02]} 25. Bc1 {[%emt 0:00:01]} Qg5 {[%emt 0:00:01]} 26. Ne2 {[%emt 0:00:02]} Qe7 {[%emt 0:00:04]} 27. Rxf8+ {[%emt 0:00:01]} Qxf8 {[%emt 0:00:00]} 28. Qe1 {[%emt 0:00:02]} Ne6 {[%emt 0:00:01]} 29. Qf1 {[%emt 0:00:01]} Qd8 {[%emt 0:00:01]} 30. Nf4 {[%emt 0:00:02]} Nxf4 {[%emt 0:00:03]} 31. Bxf4 {[%emt 0:00:01]} Qb6 {[%emt 0:00:04]} 32. Bxe5 {[%emt 0:00:01]} dxe5 {[%emt 0:00:00]} 33. Qf3 {[%emt 0:00:01]} Kg7 {[%emt 0:00:03]} 34. g4 {[%emt 0:00:01]} Qxb3 {[%emt 0:00:01]} 35. g5 {[%emt 0:00:01]} Qb6 {[%emt 0:00:04]} 36. Qf6+ {[%emt 0:00:01]} Kg8 {[%emt 0:00:00]} 37. Qxe5 {[%emt 0:00:01]} Bd7 {[%emt 0:00:03]} 38. Qe7 {[%emt 0:00:03]} Be6 {[%emt 0:00:01]} 39. e5 {[%emt 0:00:01]} Bf7 {[%emt 0:00:01]} 40. h4 {[%emt 0:00:02]} Kg7 {[%emt 0:00:02]} 41. Bd5 {[%emt 0:00:01]} Qb2+ {[%emt 0:00:04]} 42. Kg3 {[%emt 0:00:01] NTBT_DHS resigns NTBT_DHS resigns NTBT_DHS resigns (Lag: Av=0.61s, max=1.7s) (Lag: Av=0.61s, max=1.7s) (Lag: Av=0.61s, max=1.7s)} 1-0

[Event "Stay Safe Play From Home 379"]
[Site "Emanuel Lasker Arena"]
[Date "2020.08.13"]
[Round "2"]
[White "Klasman"]
[Black "Stefanone"]
[Result "0-1"]
[WhiteElo "1283"]
[BlackElo "1949"]
[Annotator "TA"]
[PlyCount "60"]
[EventDate "2020.08.13"]
[EventType "swiss (blitz)"]

{[%evp 9,60,15,25,15,33,32,47,37,43,37,64,33,36,8,13,9,47,54,47,39,50,47,52,53,63,54,112,59,100,104,151,146,246,238,295,279,458,243,497,450,391,244,334,330,304,327,319,311,306,319,545,516,491]} 1. f4 d5 2. e3 c6 3. Nf3 e6 4. c4 f5 5. d4 Nf6 6. Bd3 {A03: Bird's Opening with 1...d5.} Bb4+ 7. Nc3 {[#]} Bd6 $146 ({Predecessor:} 7... O-O 8. Qb3 Be7 9. Ne5 Nbd7 10. O-O Ne4 11. cxd5 cxd5 12. Nxe4 fxe4 13. Nxd7 Bxd7 {0-1 (51) Araya Gonzalez,H-Sanchez Roempler,C Liape email 2004}) 8. Bd2 {White is slightly better.} O-O 9. O-O Qe7 10. h3 Ne4 11. Bxe4 dxe4 12. Ne5 Bxe5 13. fxe5 Nd7 14. Qh5 g6 15. Qh6 $36 {[%mdl 2048] White has the initiative.} Qg7 16. Qxg7+ Kxg7 17. Rf2 c5 (17... b6 $14) 18. Raf1 ({White should play} 18. Nb5 $16) 18... h6 19. g4 b6 {[#]} 20. Nb5 $1 Bb7 (20... Ba6 $16) 21. Nd6 Bc6 22. gxf5 exf5 $2 (22... gxf5 23. d5 exd5) 23. Rg2 (23. d5 $142) 23... g5 $2 {[#]} (23... cxd4 24. exd4 e3 25. Bxe3 Bxg2 26. Kxg2 Rfd8) 24. Nxf5+ Kh7 {and the idea ...cxd4 leaves Black hopeful.} 25. Nd6 Rxf1+ 26. Kxf1 cxd4 27. exd4 e3 28. Bxe3 Bxg2+ 29. Kxg2 Rf8 $2 (29... Kg6 {was worth a try.} 30. b4 b5) 30. e6 $18 Nf6 {[%mdl 32768] Accuracy: White = 64%, Black = 31%. . Loss on time!?} 0-1

[Event "Stay Safe Play From Home 379"]
[Site "Emanuel Lasker Arena"]
[Date "2020.08.13"]
[Round "3"]
[White "NTBT_DHS"]
[Black "Lamborghini"]
[Result "1-0"]
[WhiteElo "2554"]
[BlackElo "2231"]
[Annotator "TA"]
[PlyCount "31"]
[EventDate "2020.08.13"]
[EventType "swiss (blitz)"]

{[%evp 9,31,4,41,21,290,301,263,177,208,214,213,170,158,170,158,150,156,166,168,149,218,218,664,660]} 1. e4 c5 2. Nf3 d6 3. Nc3 Nf6 4. e5 dxe5 5. Nxe5 Be6 {[#]} 6. Qf3 $146 {B50: Sicilian: 2...d6, Miscellaneous.} ({Predecessor:} 6. Bb5+ Nbd7 7. d4 a6 8. Bxd7+ Nxd7 9. Nxd7 Qxd7 10. dxc5 Qc6 11. Qf3 Qxf3 12. gxf3 g6 13. Bd2 {1-0 (40) Szachniewicz,W (1057)-Slusarczyk,A (1078) Kudowa-Zdroj 2018}) 6... a6 $2 {[%mdl 8192]} (6... Qc7 $11 7. Bb5+ Nbd7 8. Nxd7 Bxd7) 7. Qxb7 $18 Nbd7 8. Nxd7 {White has a decisive advantage.} Nxd7 9. Bxa6 {[#] Nb5 is the strong threat.} Rb8 10. Qe4 g6 11. Bc4 Bxc4 12. Qxc4 Bg7 13. O-O O-O 14. d3 Ne5 (14... Rb4 $16 15. Qa6 e6) 15. Qxc5 Nc6 $2 {[#]} (15... Rc8 16. Qe3 Nc6) 16. Qxc6 {Black got outplayed after the opening. Accuracy: White = 78%, Black = 40%.} 1-0

[Event "Stay Safe Play From Home 379"]
[Site "Emanuel Lasker Arena"]
[Date "2020.08.13"]
[Round "3"]
[White "AChessPlayer"]
[Black "Mamba2001de"]
[Result "1-0"]
[WhiteElo "2462"]
[BlackElo "1454"]
[Annotator "NA"]
[PlyCount "85"]
[EventDate "2020.08.13"]
[EventType "swiss (blitz)"]

1. Nf3 {[%emt 0:00:01]} e6 {[%emt 0:00:01]} 2. g3 {[%emt 0:00:00]} d5 {[%emt 0:00:01]} 3. Bg2 {[%emt 0:00:00]} Nf6 {[%emt 0:00:01]} 4. O-O {[%emt 0:00:00]} c5 {[%emt 0:00:01]} 5. d4 {[%emt 0:00:00]} Nc6 {[%emt 0:00:01]} 6. c3 {[%emt 0:00:01]} Bd7 {[%emt 0:00:01]} 7. Nbd2 {[%emt 0:00:01]} Be7 {[%emt 0:00:01]} 8. b3 {[%emt 0:00:01]} O-O {[%emt 0:00:01]} 9. Bb2 {[%emt 0:00:00]} cxd4 {[%emt 0:00:00]} 10. cxd4 {[%emt 0:00:02]} a6 {[%emt 0:00:00]} 11. Ne5 {[%emt 0:00:01]} Rc8 {[%emt 0:00:01]} 12. Ndf3 {[%emt 0:00:01]} Nxe5 {[%emt 0:00:01]} 13. dxe5 {[%emt 0:00:01]} Ne8 {[%emt 0:00:01]} 14. Nd4 {[%emt 0:00:01]} Nc7 {[%emt 0:00:01]} 15. a4 {[%emt 0:00:02]} b5 {[%emt 0:00:01]} 16. Qd3 {[%emt 0:00:02]} bxa4 {[%emt 0:00:02]} 17. bxa4 {[%emt 0:00:00]} Bg5 {[%emt 0:00:04]} 18. f4 {[%emt 0:00:01]} Be7 {[%emt 0:00:01]} 19. Bc3 {[%emt 0:00:00]} Na8 {[%emt 0:00:01]} 20. Rfb1 {[%emt 0:00:02]} Nb6 {[%emt 0:00:02]} 21. e3 {[%emt 0:00:01]} Nc4 {[%emt 0:00:01]} 22. Bf1 {[%emt 0:00:01]} Bc5 {[%emt 0:00:01]} 23. Be1 {[%emt 0:00:01]} Bxd4 {[%emt 0:00:01]} 24. exd4 {[%emt 0:00:01]} Rb8 {[%emt 0:00:03]} 25. Bb4 {[%emt 0:00:03]} Rxb4 {[%emt 0:00:02]} 26. Rxb4 {[%emt 0:00:01]} Qa5 {[%emt 0:00:01]} 27. Rbb1 {[%emt 0:00:03]} h6 {[%emt 0:00:02]} 28. Rc1 {[%emt 0:00:01]} Qd8 {[%emt 0:00:03]} 29. Qc3 {[%emt 0:00:01]} Bc6 {[%emt 0:00:02]} 30. Bg2 {[%emt 0:00:02]} h5 {[%emt 0:00:01]} 31. Qb4 {[%emt 0:00:01]} h4 {[%emt 0:00:02]} 32. Rxc4 {[%emt 0:00:01]} dxc4 {[%emt 0:00:02]} 33. Qxc4 {[%emt 0:00:01]} Bd5 {[%emt 0:00:01]} 34. Bxd5 {[%emt 0:00:01]} exd5 {[%emt 0:00:01]} 35. Qd3 {[%emt 0:00:01]} hxg3 {[%emt 0:00:01]} 36. hxg3 {[%emt 0:00:01]} Qa5 {[%emt 0:00:02]} 37. Kg2 {[%emt 0:00:01]} Rb8 {[%emt 0:00:05]} 38. Rh1 {[%emt 0:00:02]} Rb2+ {[%emt 0:00:02]} 39. Kf3 {[%emt 0:00:00]} Qd2 {[%emt 0:00:02]} 40. Qxd2 {[%emt 0:00:03]} Rxd2 {[%emt 0:00:02]} 41. Ke3 {[%emt 0:00:00]} Rb2 {[%emt 0:00:01]} 42. f5 {[%emt 0:00:00]} Rb3+ {[%emt 0:00:01]} 43. Kf4 {[%emt 0:00:00] Zeit Zeit Zeit (Lag: Av=0.58s, max=1.4s) (Lag: Av=0.58s, max=1.4s) (Lag: Av=0.58s, max=1.4s)} 1-0

[Event "Stay Safe Play From Home 379"]
[Site "Emanuel Lasker Arena"]
[Date "2020.08.13"]
[Round "3"]
[White "IceQueen"]
[Black "Broken sword"]
[Result "0-1"]
[WhiteElo "2333"]
[BlackElo "2454"]
[Annotator "RC"]
[PlyCount "54"]
[EventDate "2020.08.13"]
[EventType "swiss (blitz)"]

1. e4 {[%emt 0:00:01]} c5 {[%emt 0:00:01]} 2. Nc3 {[%emt 0:00:00]} e6 {[%emt 0:00:00]} 3. Nf3 {[%emt 0:00:00]} a6 {[%emt 0:00:00]} 4. d4 {[%emt 0:00:00]} cxd4 {[%emt 0:00:00]} 5. Nxd4 {[%emt 0:00:00]} d6 {[%emt 0:00:00]} 6. g3 {[%emt 0:00:00]} Nc6 {[%emt 0:00:01]} 7. Bg2 {[%emt 0:00:00]} Bd7 {[%emt 0:00:01]} 8. O-O {[%emt 0:00:01]} Nf6 {[%emt 0:00:00]} 9. Nb3 {[%emt 0:00:00]} Be7 {[%emt 0:00:01]} 10. a4 {[%emt 0:00:00]} Qc7 {[%emt 0:00:01]} 11. f4 {[%emt 0:00:02]} O-O {[%emt 0:00:01]} 12. g4 {[%emt 0:00:00]} Rfd8 {[%emt 0:00:02]} 13. g5 {[%emt 0:00:00]} Ne8 {[%emt 0:00:00]} 14. Qh5 {[%emt 0:00:00]} Na5 {[%emt 0:00:02]} 15. Be3 {[%emt 0:00:02]} Nxb3 {[%emt 0:00:01]} 16. cxb3 {[%emt 0:00:00]} Rac8 {[%emt 0:00:00]} 17. Rf3 {[%emt 0:00:01]} h6 {[%emt 0:00:03]} 18. gxh6 {[%emt 0:00:01]} g6 {[%emt 0:00:01]} 19. h7+ {[%emt 0:00:02]} Kh8 {[%emt 0:00:01]} 20. Qg4 {[%emt 0:00:01]} Nf6 {[%emt 0:00:02]} 21. Qh3 {[%emt 0:00:04]} Qa5 {[%emt 0:00:06]} 22. Re1 {[%emt 0:00:04]} Bc6 {[%emt 0:00:02]} 23. Rg3 {[%emt 0:00:05]} b5 {[%emt 0:00:03]} 24. e5 {[%emt 0:00:01]} Ne8 {[%emt 0:00:08]} 25. exd6 {[%emt 0:00:02]} Rxd6 {[%emt 0:00:00]} 26. Ne4 {[%emt 0:00:02]} Bxe4 {[%emt 0:00:01]} 27. Bxe4 {[%emt 0:00:00]} Qxe1+ {[%emt 0:00:02] IceQueen resigns IceQueen resigns IceQueen resigns (Lag: Av=0.34s, max=0.8s) (Lag: Av=0.34s, max=0.8s) (Lag: Av=0.34s, max=0.8s)} 0-1

[Event "Stay Safe Play From Home 379"]
[Site "Emanuel Lasker Arena"]
[Date "2020.08.13"]
[Round "3"]
[White "MihailoVujic"]
[Black "Sfantul321"]
[Result "1-0"]
[WhiteElo "2209"]
[BlackElo "1975"]
[Annotator "NA"]
[PlyCount "115"]
[EventDate "2020.08.13"]
[EventType "swiss (blitz)"]

1. e4 {[%emt 0:00:01]} g6 {[%emt 0:00:00]} 2. d4 {[%emt 0:00:01]} Bg7 {[%emt 0:00:00]} 3. c3 {[%emt 0:00:00]} d6 {[%emt 0:00:00]} 4. Nf3 {[%emt 0:00:01]} Nf6 {[%emt 0:00:00]} 5. Bd3 {[%emt 0:00:00]} O-O {[%emt 0:00:00]} 6. O-O {[%emt 0:00:01]} Bg4 {[%emt 0:00:01]} 7. h3 {[%emt 0:00:00]} Bxf3 {[%emt 0:00:01]} 8. Qxf3 {[%emt 0:00:00]} Nc6 {[%emt 0:00:00]} 9. Bg5 {[%emt 0:00:01]} h6 {[%emt 0:00:01]} 10. Bxf6 {[%emt 0:00:02]} Bxf6 {[%emt 0:00:01]} 11. Nd2 {[%emt 0:00:00]} e5 {[%emt 0:00:01]} 12. d5 {[%emt 0:00:02]} Nb8 {[%emt 0:00:01]} 13. Nc4 {[%emt 0:00:02]} Bg7 {[%emt 0:00:01]} 14. Ne3 {[%emt 0:00:01]} Nd7 {[%emt 0:00:01]} 15. c4 {[%emt 0:00:01]} Nc5 {[%emt 0:00:01]} 16. Bc2 {[%emt 0:00:01]} a5 {[%emt 0:00:00]} 17. b3 {[%emt 0:00:01]} c6 {[%emt 0:00:01]} 18. a3 {[%emt 0:00:01]} Rb8 {[%emt 0:00:02]} 19. b4 {[%emt 0:00:01]} axb4 {[%emt 0:00:02]} 20. axb4 {[%emt 0:00:00]} Na6 {[%emt 0:00:00]} 21. Rfb1 {[%emt 0:00:03]} Nc7 {[%emt 0:00:02]} 22. c5 {[%emt 0:00:02]} dxc5 {[%emt 0:00:01]} 23. bxc5 {[%emt 0:00:01]} cxd5 {[%emt 0:00:01]} 24. exd5 {[%emt 0:00:02]} f5 {[%emt 0:00:01]} 25. Qe2 {[%emt 0:00:03]} e4 {[%emt 0:00:01]} 26. Ra7 {[%emt 0:00:01]} Kh7 {[%emt 0:00:02]} 27. d6 {[%emt 0:00:01]} Ne6 {[%emt 0:00:03]} 28. Rbxb7 {[%emt 0:00:01]} Rxb7 {[%emt 0:00:01]} 29. Rxb7 {[%emt 0:00:00]} Nxc5 {[%emt 0:00:00]} 30. Ra7 {[%emt 0:00:04]} Qxd6 {[%emt 0:00:01]} 31. Qc4 {[%emt 0:00:02]} Rc8 {[%emt 0:00:02]} 32. Nd5 {[%emt 0:00:02]} Ne6 {[%emt 0:00:03]} 33. Qxc8 {[%emt 0:00:01]} Qxd5 {[%emt 0:00:01]} 34. Qd7 {[%emt 0:00:02]} Qxd7 {[%emt 0:00:03]} 35. Rxd7 {[%emt 0:00:00]} Nc5 {[%emt 0:00:01]} 36. Rc7 {[%emt 0:00:01]} Ne6 {[%emt 0:00:01]} 37. Re7 {[%emt 0:00:02]} Nf4 {[%emt 0:00:01]} 38. Bb3 {[%emt 0:00:01]} g5 {[%emt 0:00:02]} 39. Re8 {[%emt 0:00:01]} Kg6 {[%emt 0:00:01]} 40. Bc4 {[%emt 0:00:02]} Bd4 {[%emt 0:00:02]} 41. Kf1 {[%emt 0:00:01]} Nd3 {[%emt 0:00:03]} 42. Re6+ {[%emt 0:00:01]} Bf6 {[%emt 0:00:02]} 43. Bxd3 {[%emt 0:00:01]} exd3 {[%emt 0:00:00]} 44. Rd6 {[%emt 0:00:00]} f4 {[%emt 0:00:01]} 45. Rxd3 {[%emt 0:00:00]} Kf5 {[%emt 0:00:00]} 46. f3 {[%emt 0:00:00]} h5 {[%emt 0:00:01]} 47. Ke2 {[%emt 0:00:00]} g4 {[%emt 0:00:01]} 48. Rd5+ {[%emt 0:00:00]} Kg6 {[%emt 0:00:01]} 49. fxg4 {[%emt 0:00:00]} hxg4 {[%emt 0:00:01]} 50. hxg4 {[%emt 0:00:00]} Bg5 {[%emt 0:00:01]} 51. Kf3 {[%emt 0:00:00]} Bh6 {[%emt 0:00:01]} 52. Ke4 {[%emt 0:00:00]} Bg5 {[%emt 0:00:01]} 53. Rf5 {[%emt 0:00:00]} Bh6 {[%emt 0:00:01]} 54. Rxf4 {[%emt 0:00:00]} Bg7 {[%emt 0:00:01]} 55. Rf5 {[%emt 0:00:01]} Bc3 {[%emt 0:00:01]} 56. g3 {[%emt 0:00:00]} Kg7 {[%emt 0:00:01]} 57. Rd5 {[%emt 0:00:00]} Be1 {[%emt 0:00:01]} 58. Kf5 {[%emt 0:00:00] Time Time Time} 1-0

[Event "Stay Safe Play From Home 379"]
[Site "Emanuel Lasker Arena"]
[Date "2020.08.13"]
[Round "3"]
[White "Stefanone"]
[Black "Yuriko"]
[Result "1-0"]
[WhiteElo "1950"]
[BlackElo "2063"]
[Annotator "RC"]
[PlyCount "97"]
[EventDate "2020.08.13"]
[EventType "swiss (blitz)"]

1. d4 {[%emt 0:00:01]} d5 {[%emt 0:00:04]} 2. e3 {[%emt 0:00:00]} c6 {[%emt 0:00:00]} 3. f4 {[%emt 0:00:00]} Nf6 {[%emt 0:00:00]} 4. Nf3 {[%emt 0:00:00]} g6 {[%emt 0:00:00]} 5. Bd3 {[%emt 0:00:00]} Bg7 {[%emt 0:00:00]} 6. Ne5 {[%emt 0:00:00]} O-O {[%emt 0:00:00]} 7. O-O {[%emt 0:00:00]} Nfd7 {[%emt 0:00:01]} 8. c3 {[%emt 0:00:01]} Re8 {[%emt 0:00:00]} 9. Nxd7 {[%emt 0:00:01]} Nxd7 {[%emt 0:00:01]} 10. Nd2 {[%emt 0:00:00]} Nf8 {[%emt 0:00:00]} 11. Nf3 {[%emt 0:00:01]} a6 {[%emt 0:00:00]} 12. Ne5 {[%emt 0:00:01]} f6 {[%emt 0:00:00]} 13. Nf3 {[%emt 0:00:01]} Qc7 {[%emt 0:00:00]} 14. Qe1 {[%emt 0:00:01]} Nd7 {[%emt 0:00:01]} 15. Qg3 {[%emt 0:00:01]} e5 {[%emt 0:00:01]} 16. fxe5 {[%emt 0:00:01]} fxe5 {[%emt 0:00:00]} 17. dxe5 {[%emt 0:00:00]} Nxe5 {[%emt 0:00:00]} 18. Nxe5 {[%emt 0:00:01]} Bxe5 {[%emt 0:00:00]} 19. Qg5 {[%emt 0:00:02]} Bxh2+ {[%emt 0:00:01]} 20. Kh1 {[%emt 0:00:02]} Be5 {[%emt 0:00:01]} 21. e4 {[%emt 0:00:02]} dxe4 {[%emt 0:00:03]} 22. Bc4+ {[%emt 0:00:01]} Kg7 {[%emt 0:00:01]} 23. Rf7+ {[%emt 0:00:01]} Qxf7 {[%emt 0:00:02]} 24. Bxf7 {[%emt 0:00:00]} Kxf7 {[%emt 0:00:00]} 25. Be3 {[%emt 0:00:02]} Bf5 {[%emt 0:00:00]} 26. Rf1 {[%emt 0:00:01]} Rad8 {[%emt 0:00:03]} 27. g4 {[%emt 0:00:01]} Rd3 {[%emt 0:00:06]} 28. gxf5 {[%emt 0:00:02]} gxf5 {[%emt 0:00:02]} 29. Rxf5+ {[%emt 0:00:01]} Ke6 {[%emt 0:00:03]} 30. Bd4 {[%emt 0:00:05]} Rd1+ {[%emt 0:00:03]} 31. Kg2 {[%emt 0:00:03]} Rd2+ {[%emt 0:00:00]} 32. Qxd2 {[%emt 0:00:02]} Bxd4 {[%emt 0:00:01]} 33. Rh5 {[%emt 0:00:02]} Bf6 {[%emt 0:00:03]} 34. Rxh7 {[%emt 0:00:01]} Rg8+ {[%emt 0:00:01]} 35. Kh3 {[%emt 0:00:02]} Rd8 {[%emt 0:00:01]} 36. Qg2 {[%emt 0:00:02]} Kf5 {[%emt 0:00:02]} 37. Qg4+ {[%emt 0:00:01]} Ke5 {[%emt 0:00:00]} 38. Rh5+ {[%emt 0:00:01]} Kd6 {[%emt 0:00:02]} 39. Qxe4 {[%emt 0:00:01]} Rf8 {[%emt 0:00:04]} 40. Rh6 {[%emt 0:00:01]} Rf7 {[%emt 0:00:02]} 41. Qf5 {[%emt 0:00:01]} Ke7 {[%emt 0:00:01]} 42. Qg6 {[%emt 0:00:01]} Ke6 {[%emt 0:00:02]} 43. Rh7 {[%emt 0:00:00]} Rxh7+ {[%emt 0:00:01]} 44. Qxh7 {[%emt 0:00:00]} Ke5 {[%emt 0:00:01]} 45. Qd3 {[%emt 0:00:01]} Bg5 {[%emt 0:00:01]} 46. Qe2+ {[%emt 0:00:01]} Kf6 {[%emt 0:00:01]} 47. Kg4 {[%emt 0:00:00]} Kg6 {[%emt 0:00:01]} 48. Qd3+ {[%emt 0:00:01]} Kf7 {[%emt 0:00:00]} 49. Qf5+ {[%emt 0:00:01] Time Time Time (Lag: Av=0.32s, max=0.6s) (Lag: Av=0.32s, max=0.6s) (Lag: Av=0.32s, max=0.6s)} 1-0